F1 Drivers' Racing Careers - Statistics

General Stats
  • This quiz has been taken 25 times
  • The average score is 29 of 44
Answer Stats
Hint Answer % Correct
Toro Rosso → Red Bull Max Verstappen
90%
Toro Rosso → Renault → McLaren → Ferrari → Williams Carlos Sainz
86%
Sauber → Ferrari Charles Leclerc
86%
Mindardi → Renault → McLaren → Renault → Ferrari → Alpine → Aston Martin Fernando Alonso
86%
Mercedes Kimi Antonelli
86%
McLaren Lando Norris
86%
McLaren → Mercedes → Ferrari Lewis Hamilton
86%
McLaren Oscar Piastri
86%
Manor → Force India → Renault → Alpine → Haas Esteban Ocon
81%
Williams → Racing Point → Aston Martin Lance Stroll
81%
Williams → Force India → Sauber → Force India → Renault → Racing Point → Aston Martin → Haas → Kick Sauber → Audi Nico Hülkenberg
81%
Toro Rosso → Red Bull → Toro Rosso → AlphaTauri → Alpine Pierre Gasly
81%
Williams → Mercedes → Cadillac Valtteri Bottas
81%
Toro Rosso → Red Bull → Williams Alexander Albon
76%
Williams → Alpine Franco Colapinto
76%
Wiliams → Mercedes George Russell
76%
Sauber → McLaren → Ferrari → Lotus → Ferrari → Alfa Romeo Kimi Räikkönen
76%
BMW Sauber → Toro Rosso → Red Bull → Ferrari → Aston Martin Sebastian Vettel
76%
Sauber → McLaren → Force India → Racing Point → Red Bull → Cadillac Sergio Pérez
76%
Kick Sauber → Audi Gabriel Bortoleto
71%
Racing Bulls → Red Bull Isack Hadjar
71%
McLaren → Renault → Haas Kevin Magnussen
71%
AlphaTauri → RB → Red Bull → Racing Bulls Liam Lawson
71%
Ferrari → Haas Oliver Bearman
71%
AlphaTauri → RB → Racing Bulls → Red Bull Yuki Tsunoda
67%
Racing Bulls Arvid Lindblad
62%
HRT → Toro Rosso → Red Bull → Renault → McLaren → AlphaTauri → RB Daniel Ricciardo
62%
Toro Rosso → Red Bull → Toro Rosso → AlphaTauri Daniil Kvyat
57%
Haas Mick Schumacher
57%
Alpine Jack Doohan
52%
Haas Nikita Mazepin
52%
Renault → Lotus → Haas Romain Grosjean
52%
Williams → AlphaTauri Nyck de Vries
48%
BMW Sauber → Renault Robert Kubica
48%
Alfa Romeo → Kick Sauber Zhou Guanyu
48%
Sauber → Alfa Romeo Antonio Giovinazzi
43%
Williams Logan Sargeant
43%
Caterham → Sauber Marcus Ericsson
43%
McLaren Stoffel Vandoorne
43%
Williams Nicholas Latifi
38%
Toro Rosso Brendon Hartley
33%
Haas Pietro Fittipaldi
33%
Williams Sergey Sirotkin
33%
Williams Jack Aitken
29%
No matching quizzes found
Score Distribution
Percent of People with Each Score
Percentile by Number Answered
Your Score History
You have not taken this quiz